<?xml version="1.0" encoding="UTF-8"?>
<collection xmlns="http://www.loc.gov/MARC21/slim">
<record>
  <controlfield tag="001">170673</controlfield>
  <controlfield tag="005">20260429150229.0</controlfield>
  <datafield tag="037" ind1=" " ind2=" ">
    <subfield code="a">TAZ-TFM-2022-1433</subfield>
  </datafield>
  <datafield tag="041" ind1=" " ind2=" ">
    <subfield code="a">spa</subfield>
  </datafield>
  <datafield tag="100" ind1="1" ind2=" ">
    <subfield code="a">Callau Pontaque, Clara</subfield>
  </datafield>
  <datafield tag="242" ind1="0" ind2="0">
    <subfield code="a">Illustrated album and gender equality. Analysis of teachers' beliefs in Early Childhood Education</subfield>
  </datafield>
  <datafield tag="245" ind1="0" ind2="0">
    <subfield code="a">Álbum ilustrado e igualdad de género. Análisis de creencias de maestras en Educación Infantil</subfield>
  </datafield>
  <datafield tag="260" ind1=" " ind2=" ">
    <subfield code="a">Zaragoza</subfield>
    <subfield code="b">Universidad de Zaragoza</subfield>
    <subfield code="c">2022</subfield>
  </datafield>
  <datafield tag="500" ind1=" " ind2=" ">
    <subfield code="a">Este es el trabajo correcto. El que he subido hace unas horas se había descuadrado el formato word al pasarlo a PDF</subfield>
  </datafield>
  <datafield tag="506" ind1=" " ind2=" ">
    <subfield code="a">by-nc-sa</subfield>
    <subfield code="b">Creative Commons</subfield>
    <subfield code="c">3.0</subfield>
    <subfield code="u">http://creativecommons.org/licenses/by-nc-sa/3.0/</subfield>
  </datafield>
  <datafield tag="520" ind1=" " ind2=" ">
    <subfield code="a">El presente trabajo presenta una investigación que tiene como principales objetivos de estudio conocer las posibilidades de la lectura de los libros álbum en el desarrollo de actitudes para fomentar la igualdad de género en la etapa de Educación Infantil y profundizar en las creencias de maestras sobre la igualdad de género. Para ello, se ha optado por una metodología cualitativa de corte etnográfico y se han utilizado tres instrumentos de recogida de datos: cuestionario de respuestas abiertas (17 maestras), grupo de discusión (5 maestras) y diario de campo de la investigadora. El procedimiento utilizado para el tratamiento de los datos ha seguido el enfoque de la “Teoría fundamentada en los hechos” (Glaser y Straus, 1967) y el análisis del discurso (Arraiz, 2019; Barbour, 2013; Cambra, 2003; RuizOlabuénaga, 2013). El marco de categorías generadas en el análisis de los cuestionarios y con el grupo de discusión ha facilitado la triangulación de la información en aras de confirmar las hipótesis del estudio. Por tanto, los resultados indican que la lectura de libros álbum propicia el desarrollo de actitudes para reflexionar sobre la igualdad de género en Educación Infantil y, por otra parte, el conocimiento del sistema de creencias, representaciones y saberes de los docentes objeto de este estudio ha permitido profundizar sobre su pensamiento docente y sus actuaciones didácticas. Además, la investigación ha descubierto nuevas líneas de investigación en el ámbito de las Ciencias Sociales. &lt;br /></subfield>
  </datafield>
  <datafield tag="521" ind1=" " ind2=" ">
    <subfield code="a">Máster Universitario en Aprendizaje a lo largo de la vida en contextos multiculturales</subfield>
  </datafield>
  <datafield tag="540" ind1=" " ind2=" ">
    <subfield code="a">Derechos regulados por licencia Creative Commons</subfield>
  </datafield>
  <datafield tag="653" ind1="1" ind2=" ">
    <subfield code="a">literatura infantil</subfield>
  </datafield>
  <datafield tag="653" ind1="1" ind2=" ">
    <subfield code="a">álbum ilustrado</subfield>
  </datafield>
  <datafield tag="653" ind1="1" ind2=" ">
    <subfield code="a">igualdad de género</subfield>
  </datafield>
  <datafield tag="653" ind1="1" ind2=" ">
    <subfield code="a">creencias docentes</subfield>
  </datafield>
  <datafield tag="653" ind1="1" ind2=" ">
    <subfield code="a">educación infantil</subfield>
  </datafield>
  <datafield tag="653" ind1="1" ind2=" ">
    <subfield code="a">investigación cualitativa</subfield>
  </datafield>
  <datafield tag="700" ind1=" " ind2=" ">
    <subfield code="a">Senís Fernández, Juan </subfield>
    <subfield code="e">dir.</subfield>
  </datafield>
  <datafield tag="700" ind1=" " ind2=" ">
    <subfield code="a">Calvo Valios, Virginia</subfield>
    <subfield code="e">dir.</subfield>
  </datafield>
  <datafield tag="710" ind1="2" ind2=" ">
    <subfield code="a">Universidad de Zaragoza</subfield>
    <subfield code="b">Didácticas Específicas</subfield>
    <subfield code="c">Didáctica de la Lengua y la Literatura</subfield>
  </datafield>
  <datafield tag="856" ind1="0" ind2=" ">
    <subfield code="f">507839@unizar.es</subfield>
  </datafield>
  <datafield tag="856" ind1="4" ind2=" ">
    <subfield code="s">976986</subfield>
    <subfield code="u">http://zaguan.unizar.es/record/170673/files/TAZ-TFM-2022-1433.pdf</subfield>
    <subfield code="y">Memoria (spa)</subfield>
  </datafield>
  <datafield tag="909" ind1="C" ind2="O">
    <subfield code="o">oai:zaguan.unizar.es:170673</subfield>
    <subfield code="p">driver</subfield>
    <subfield code="p">trabajos-fin-master</subfield>
  </datafield>
  <datafield tag="950" ind1=" " ind2=" ">
    <subfield code="a"></subfield>
  </datafield>
  <datafield tag="980" ind1=" " ind2=" ">
    <subfield code="a">TAZ</subfield>
    <subfield code="b">TFM</subfield>
    <subfield code="c">FEDU</subfield>
  </datafield>
  <datafield tag="999" ind1=" " ind2=" ">
    <subfield code="a">20221201005900.CREATION_DATE</subfield>
  </datafield>
  <datafield tag="951" ind1=" " ind2=" ">
    <subfield code="a">deposita:2026-04-29</subfield>
  </datafield>
</record>
</collection>